Stati per minore estensione costiera - Europa - Statistics

Statistiche generali
  • Questo quiz è stato fatto 17 volte
  • Il punteggio medio è 8 su 10
Statistiche sulle risposte
Coste (km) Nazione % Corretto
4,1 Monaco
94%
20 Bosnia ed Erzegovina
88%
90 Lituania
81%
252,8 Malta
81%
293,5 Montenegro
81%
46,6 Slovenia
81%
66,5 Belgio
75%
225 Romania
75%
362 Albania
69%
354 Bulgaria
63%
Nessun quiz corrispondente trovato
Distribuzione punteggi
Percentuale di utenti per punteggio
Percentile per numero di risposta
I tuoi punteggi nel tempo
Non hai fatto questo quiz